|
|
|
|
| LEADER |
00000cam a22000004a 4500 |
| 001 |
musev2_85476 |
| 003 |
MdBmJHUP |
| 005 |
20230905052800.0 |
| 006 |
m o d |
| 007 |
cr||||||||nn|n |
| 008 |
131128t20122003nyu o 00 0 eng d |
| 020 |
|
|
|a 9781580466325
|
| 020 |
|
|
|z 9781580460781
|
| 035 |
|
|
|a (OCoLC)1273306081
|
| 040 |
|
|
|a MdBmJHUP
|c MdBmJHUP
|
| 100 |
1 |
|
|a Fearn, Raymond
|d (1944-....).
|4 aut
|e Auteur.
|
| 245 |
1 |
4 |
|a The Music of Luigi Dallapiccola /
|c Raymond Fearn.
|
| 264 |
|
1 |
|a Rochester, NY :
|b University of Rochester Press,
|c 2012, cop. 2003.
|
| 264 |
|
3 |
|a Baltimore, Md. :
|b Project MUSE,
|c 2021
|
| 264 |
|
4 |
|c ©2012, cop. 2003.
|
| 300 |
|
|
|a 1 online resource (328 pages):
|b couv. ill., port. mus. ;
|
| 336 |
|
|
|a text
|b txt
|2 rdacontent
|
| 337 |
|
|
|a computer
|b c
|2 rdamedia
|
| 338 |
|
|
|a online resource
|b cr
|2 rdacarrier
|
| 490 |
0 |
|
|a Eastman studies in music
|
| 500 |
|
|
|a Liste des compositions: p. [273]-277.
|
| 588 |
|
|
|a Description based on print version record.
|
| 600 |
1 |
7 |
|a Dallapiccola, Luigi
|d (1904-1975)
|x Critique et interpretation.
|2 ram
|
| 600 |
1 |
7 |
|a Dallapiccola, Luigi
|d (1904-1975).
|2 ram
|
| 655 |
|
7 |
|a Biographies.
|2 ram
|
| 655 |
|
7 |
|a Electronic books.
|2 local
|
| 710 |
2 |
|
|a Project Muse.
|e distributor
|
| 830 |
|
0 |
|a Book collections on Project MUSE.
|
| 856 |
4 |
0 |
|z Texto completo
|u https://projectmuse.uam.elogim.com/book/85476/
|
| 945 |
|
|
|a Project MUSE - Custom Collection
|